Word Ladder: Phrase Craze Quiz Stats

 Plays Quiz Updated Nov 29, 2016

Support Sporcle.
Go Orange.
Score 0/38 Timer 04:00
0 Plays Today
Hint 4-letter Word % Correct
 Once in a blue ____ MOON
95.6%
 Stuck between a ____ and a [last rung] place * ROCK *
95.4%
 Where there's a ____, there's a way WILL
94.9%
 He's ____ over heels for her HEAD
94.8%
 All he does is ____ and groan MOAN
94.6%
 Everything but the kitchen ____ SINK
94.4%
 Don't ____ up the wrong tree BARK
94.2%
 If you can't stand the ____, get out of the kitchen. HEAT
93.2%
 Go take a long ____ off a short pier WALK
93%
 Can the ends justify the ____s? MEAN
92.7%
 Put a ____ in it! SOCK
92.7%
 ____ to the drawing board BACK
92.6%
 Up against the ____ WALL
92.5%
 He was ____ with a silver spoon in his mouth BORN
92.2%
 Stuck between a [first rung] and a ____ place * HARD *
91.6%
 He'd ____ over backwards for her. BEND
91.6%
 You can ____ a horse to water, but can't make him drink. LEAD
91%
 The early bird catches the ____ WORM
90.9%
 All ____ and no play makes Jack a dull boy WORK
90.1%
Hint 4-letter Word % Correct
 Way out in the ____docks BOON
89.9%
 Why ____ a dead horse? BEAT
89.7%
 He's hell-____ for leather! BENT
89.5%
 He can't hit the broadside of a ____ BARN
88.4%
 He's ____ as a dog SICK
88.2%
 He's sharp as a ____ TACK
87.9%
 He can ____ the legs off an iron pot! TALK
87.1%
 He wouldn't ____ a fly! HARM
86.8%
 Stick a ____ in him. He's done. FORK
86.6%
 It'll ____ the cockles of his heart WARM
85.8%
 Different strokes for different ____s FOLK
85.7%
 Save up for ____ times ahead LEAN
85.3%
 Three sheets to the ____ WIND
85.1%
 He'll ____ like a cheap card table! FOLD
84.8%
 Up into the ____ blue yonder WILD
84.7%
 Strike up the ____! BAND
82.3%
 Quick as a ____ WINK
82.2%
 Fortune favors the ____ BOLD
79.8%
 He's ____ as a baby's backside BALD
75.9%

Today's Daily Dose

You're not logged in!

Compare scores with friends on all Sporcle quizzes.
OR
Log In

From the Vault

3 Things: TV Edition

by TimtheImpaler

Did anyone actually ever use their 3-D TV?
Remove Ads.
Support Sporcle.
Get the best of Sporcle when you Go Orange. This ad-free experience offers more features, more stats, and more fun while also helping to support Sporcle. Thank you for becoming a member.

Show Comments

Extras

Top Quizzes Today


Score Distribution

Your Account Isn't Verified!

In order to create a playlist on Sporcle, you need to verify the email address you used during registration. Go to your Sporcle Settings to finish the process.

Report this User

Report this user for behavior that violates our Community Guidelines.

Details: